Mengamalkan budi bahasa (Record no. 87511)

MARC details
000 -LEADER
fixed length control field 00790nam a2200265 i 4500
001 - CONTROL NUMBER
control field C2-0281095
003 - CONTROL NUMBER IDENTIFIER
control field PPAK
005 - DATE AND TIME OF LATEST TRANSACTION
control field 20180728011818.0
008 - FIXED-LENGTH DATA ELEMENTS--GENERAL INFORMATION
fixed length control field 070801s2007 my a|||| ||||| | may d
020 ## - INTERNATIONAL STANDARD BOOK NUMBER
International Standard Book Number 9789830343044
040 ## - CATALOGING SOURCE
Original cataloging agency PPAK
Language of cataloging eng
Transcribing agency PPAK
Description conventions rda
082 04 - DEWEY DECIMAL CLASSIFICATION NUMBER
Classification number 499.2386
Edition number 23
090 00 - LOCALLY ASSIGNED LC-TYPE CALL NUMBER (OCLC); LOCAL CALL NUMBER (RLIN)
Classification number (OCLC) (R) ; Classification number, CALL (RLIN) (NR) 499.2386
Feature heading NAS
Feature heading RK
100 0# - MAIN ENTRY--PERSONAL NAME
Personal name Nasrulnizamwati Mohamed,
Relator term author
245 10 - TITLE STATEMENT
Title Mengamalkan budi bahasa
264 #1 - PRODUCTION, PUBLICATION, DISTRIBUTION, MANUFACTURE, AND COPYRIGHT NOTICE
Place of production, publication, distribution, manufacture Kuala Lumpur :
Name of producer, publisher, distributor, manufacturer Penerbitan Hartamas ,
Date of production, publication, distribution, manufacture, or copyright notice 2007
300 ## - PHYSICAL DESCRIPTION
Extent 52 pages :
Other physical details colour illustrations ;
Dimensions 30 cm
336 ## - CONTENT TYPE
Source rdacontent
Content type term text
337 ## - MEDIA TYPE
Source rdamedia
Media type term unmediated
338 ## - CARRIER TYPE
Source rdacarrier
Carrier type term volume
490 1# - SERIES STATEMENT
Series statement Siri menangani isu-isu kontemporari
650 10 - SUBJECT ADDED ENTRY--TOPICAL TERM
Topical term or geographic name entry element Malay language--Readers
830 #0 - SERIES ADDED ENTRY--UNIFORM TITLE
Uniform title Siri menangani isu-isu kontemporari
942 ## - ADDED ENTRY ELEMENTS (KOHA)
-- dc
Koha item type Book
Holdings
Withdrawn Not for loan Current library Shelving location Date acquired Full call number Barcode Date last seen Koha item type
  Not For Loan Perpustakaan Alor Setar Rujukan Kanak-kanak 07/10/2007 RK 499.2386 NAS A01202612 09/05/2018 Book
  Not For Loan Perpustakaan Awam Sungai Petani Rujukan Kanak-kanak 07/10/2007 RK 499.2386 NAS A01202613 09/05/2018 Book
  Not For Loan Perpustakaan Jitra Rujukan Kanak-kanak 07/10/2007 RK 499.2386 NAS A01202614 09/05/2018 Book
  Not For Loan Perpustakaan Kulim Rujukan Kanak-kanak 07/10/2007 RK 499.2386 NAS A01202615 09/05/2018 Book
  Not For Loan Perpustakaan Langkawi Rujukan Kanak-kanak 07/10/2007 RK 499.2386 NAS A01202616 09/05/2018 Book